<?xml version="1.0" encoding="UTF-8"?>
<collection xmlns="http://www.loc.gov/MARC21/slim">
 <record>
  <leader>01452nam a2200253 a 4500</leader>
  <controlfield tag="001">4082374</controlfield>
  <controlfield tag="008">090830s1972    ilua    b     001 0 eng d</controlfield>
  <datafield tag="010" ind1=" " ind2=" ">
   <subfield code="a">\\\72184993 </subfield>
  </datafield>
  <datafield tag="040" ind1=" " ind2=" ">
   <subfield code="a">DLC</subfield>
   <subfield code="c">DLC</subfield>
   <subfield code="d">DLC</subfield>
   <subfield code="d">OCoLC</subfield>
  </datafield>
  <datafield tag="082" ind1="0" ind2="0">
   <subfield code="a">372/.08</subfield>
   <subfield code="2">18</subfield>
  </datafield>
  <datafield tag="110" ind1="2" ind2=" ">
   <subfield code="a">National Society for the Study of Education.</subfield>
   <subfield code="b">Committee on Early Childhood Education.</subfield>
  </datafield>
  <datafield tag="245" ind1="1" ind2="0">
   <subfield code="a">Early childhood education /</subfield>
   <subfield code="c">by the Yearbook committee and associated contributors. Edited by Ira J. Gordon. Editor for the society: Herman G. Richey.</subfield>
  </datafield>
  <datafield tag="260" ind1=" " ind2=" ">
   <subfield code="a">Chicago :</subfield>
   <subfield code="b">NSSE; distributed by the University of Chicago Press,</subfield>
   <subfield code="c">1972.</subfield>
  </datafield>
  <datafield tag="300" ind1=" " ind2=" ">
   <subfield code="a">xv, 400, cxviii p :</subfield>
   <subfield code="b">ill. ;</subfield>
   <subfield code="c">23 cm.</subfield>
  </datafield>
  <datafield tag="490" ind1="1" ind2=" ">
   <subfield code="a">Yearbook of the National Society for the Study of Education ;</subfield>
   <subfield code="v">71st, pt. 2.</subfield>
  </datafield>
  <datafield tag="504" ind1=" " ind2=" ">
   <subfield code="a">Includes bibliographical references and index.</subfield>
  </datafield>
  <datafield tag="541" ind1="1" ind2=" ">
   <subfield code="e">00003373</subfield>
  </datafield>
  <datafield tag="650" ind1=" " ind2="0">
   <subfield code="a">Education.</subfield>
  </datafield>
  <datafield tag="700" ind1="1" ind2=" ">
   <subfield code="a">Gordon, Ira J.,</subfield>
   <subfield code="e">ed.</subfield>
  </datafield>
  <datafield tag="830" ind1=" " ind2="0">
   <subfield code="a">Yearbook of the National Society for the Study of Education ;</subfield>
   <subfield code="v">71st, pt. 2.</subfield>
  </datafield>
  <datafield tag="852" ind1="4" ind2=" ">
   <subfield code="a">Ayesha Abed Library</subfield>
   <subfield code="j">General shelf</subfield>
  </datafield>
  <datafield tag="999" ind1=" " ind2=" ">
   <subfield code="c">3476</subfield>
   <subfield code="d">3476</subfield>
  </datafield>
  <datafield tag="952" ind1=" " ind2=" ">
   <subfield code="0">0</subfield>
   <subfield code="1">0</subfield>
   <subfield code="2">ddc</subfield>
   <subfield code="4">0</subfield>
   <subfield code="6">372_080000000000000_EAR_1972</subfield>
   <subfield code="7">0</subfield>
   <subfield code="9">3155</subfield>
   <subfield code="a">BRACUL</subfield>
   <subfield code="b">BRACUL</subfield>
   <subfield code="c">GEN</subfield>
   <subfield code="d">2009-09-01</subfield>
   <subfield code="g">0.00</subfield>
   <subfield code="l">0</subfield>
   <subfield code="o">372.08 EAR</subfield>
   <subfield code="p">3010003373</subfield>
   <subfield code="r">2009-09-01</subfield>
   <subfield code="t">1</subfield>
   <subfield code="w">2009-09-01</subfield>
   <subfield code="y">BK</subfield>
   <subfield code="z">Not price in Register</subfield>
   <subfield code="x">No price found in the accession register.</subfield>
  </datafield>
  <datafield tag="952" ind1=" " ind2=" ">
   <subfield code="0">0</subfield>
   <subfield code="1">4</subfield>
   <subfield code="2">ddc</subfield>
   <subfield code="4">0</subfield>
   <subfield code="6">372_080000000000000_EAR</subfield>
   <subfield code="7">0</subfield>
   <subfield code="9">18221</subfield>
   <subfield code="a">BRACUL</subfield>
   <subfield code="b">BRACUL</subfield>
   <subfield code="c">GEN</subfield>
   <subfield code="d">2011-09-27</subfield>
   <subfield code="g">0.00</subfield>
   <subfield code="l">0</subfield>
   <subfield code="o">372.08 EAR</subfield>
   <subfield code="p">3010003374</subfield>
   <subfield code="r">2011-09-27</subfield>
   <subfield code="t">2</subfield>
   <subfield code="w">2011-09-27</subfield>
   <subfield code="y">BK</subfield>
   <subfield code="z">Not price in Register</subfield>
   <subfield code="x">Koha Inventory 2020</subfield>
  </datafield>
 </record>
</collection>
